| 000 | 00388nam a22001337a 4500 | ||
|---|---|---|---|
| 020 | _qPB. | ||
| 040 | _cFIZZA ISHAQ | ||
| 082 |
_a692.5 _bLEN |
||
| 100 |
_aSCHAUFELBERGER,JOHN HOLM LEN. _990940 |
||
| 245 |
_aCONSTRUCTION COST ESTIMATING PROCESS AND PRACTICE / _cLEN HOLM JOHN SCHAUFERBERGER. |
||
| 260 |
_aLONDON ; _bTAYLOR FRANCIS GROUP, _c2021. |
||
| 300 | _a218 P. ; | ||
| 942 |
_2ddc _cBK |
||
| 999 |
_c589139 _d589139 |
||